W jakich miejscach lub okoliczności wyjście do toalety jest kłopotliwe - Statystyki

Ogólne statystyki
  • Ten quiz został rozwiązany 9 razy
  • Średni wynik to 2 z 5
Statystyki odpowiedzi
Hint Odpowiedź % Poprawnych
4. W kościele
100%
5. Podczas egzaminu
50%
1. Kinie
17%
2. Teatrze
17%
3. U dentysty
17%
Nie znaleziono quizów pasujących do podanych kryteriów
Rozkład punktacji
Procent ludzi z każdym wynikiem
Percentyl według liczby udzielonych odpowiedzi
Twoja historia wyników
Nie rozwiązałeś tego quizu